000 00482cam a2200193ua 4500
001 2973
005 20260515113619.0
008 110920n ii |||gr||||Z||||||asm
040 _cMAIN
082 _a920
100 1 _aBarkataki, Biren ,
_eAuthor.
245 1 1 _aKhujate milaun khuj
_cby Biren Barkataki
250 _a1st.
260 _aGuahati:
_bJyoti prakashan,989.
300 _a108p:
_c23cm.
653 _aBiography
653 _aBiography of Khujate milaun khuj
942 _cBK
999 _c2819
_d2819